000 00215nam a22000857a 4500
008 161121b xxu||||| |||| 00| 0 eng d
100 _91292
_aBPI INDIA
245 _aThe Litle Monkeys
260 _aNew Delhi
_bBPI India
_c2011
999 _c3996
_d3996